| 000 | 00796nam a2200253 i 4500 | ||
|---|---|---|---|
| 001 | bg | ||
| 100 | 1 |
_aKopaliński, Władysław _d(1918-2007). |
|
| 245 | 1 | 0 |
_aSłownik mitów i tradycji kultury. _nCz. 3, _pod P (Poliksena) do Ż / _cWładysław Kopaliński. |
| 260 |
_aWarszawa : _bOficyna Wydawnicza Rytm, _ccop. 2007. |
||
| 300 |
_a513 s. ; _c25 cm. |
||
| 490 | 1 |
_aSłowniki / "Rzeczpospolita" ; _vT. 3 |
|
| 650 | 9 |
_aKultura _xhistoria |
|
| 655 | _aEncyklopedie | ||
| 830 | 0 |
_aSłowniki - "Rzeczpospolita" ; _vT. 3 |
|
| 020 | _a9788360688779 | ||
| 040 | _cBPK | ||
| 041 | 0 | _apol | |
| 044 | _aPOL | ||
| 080 | _a930.85(03) | ||
| 920 | _a978-83-60688-77-9 | ||
| 942 | _cKS | ||
| 008 | s pl f |000 0 pol | ||
| 999 |
_c54514 _d54514 |
||
| 856 |
_uhttp://koha.tu.koszalin.pl/cgi-bin/koha/opac-detail.pl?biblionumber=54514 _yKatalog online BPK |
||